Tottenham Hotspur Players - Statistics

General Stats
  • This quiz has been taken 33 times
  • The average score is 13 of 16
Answer Stats
Picture Answer % Correct
Gareth Bale
100%
Harry Kane
100%
Luka Modrić
100%
Son Heung-min
100%
Christian Eriksen
97%
Cristian Romero
94%
Hugo Lloris
94%
Xavi Simons
90%
Dimitar Berbatov
81%
Sol Campbell
81%
Robbie Keane
77%
Ledley King
71%
Jermain Defoe
68%
Tanguy Ndombele
68%
David Ginola
65%
Teddy Sheringham
45%
No matching quizzes found
Score Distribution
Percent of People with Each Score
Percentile by Number Answered
Your Score History
You have not taken this quiz